Hiệu quả của chất điều hoà sinh trưởng (BA, NAA) lên sự tái sinh chồi từ tử diệp dưa lê (Cucumis melo L.) : Luận văn Thạc sĩ chuyên ngành Sinh thái học
Đề tài thực hiện thí nghiệm trong phòng nuôi cấy mô để xác định nồng độ chất điều hoà sinh trưởng thích hợp cho khả năng tái sinh chồi từ tử diệp dưa lê
Na minha lista:
| Autor principal: | |
|---|---|
| Formato: | Livro |
| Idioma: | Undetermined |
| Publicado em: |
Cần Thơ
Trường Đại học Cần Thơ
2011
|
| Assuntos: | |
| Tags: |
Adicionar Tag
Sem tags, seja o primeiro a adicionar uma tag!
|
| Thư viện lưu trữ: | Trung tâm Học liệu Trường Đại học Cần Thơ |
|---|
| LEADER | 01104nam a2200217Ia 4500 | ||
|---|---|---|---|
| 001 | CTU_171111 | ||
| 008 | 210402s9999 xx 000 0 und d | ||
| 082 | |a 635.615 | ||
| 082 | |b B312 | ||
| 088 | |a 60420120 | ||
| 100 | |a Trần, Thanh Bình | ||
| 245 | 0 | |a Hiệu quả của chất điều hoà sinh trưởng (BA, NAA) lên sự tái sinh chồi từ tử diệp dưa lê (Cucumis melo L.) : | |
| 245 | 0 | |b Luận văn Thạc sĩ chuyên ngành Sinh thái học | |
| 245 | 0 | |c Trần Thanh Bình ; Lâm Ngọc Phương ( Hướng dẫn khoa học ) | |
| 260 | |a Cần Thơ | ||
| 260 | |b Trường Đại học Cần Thơ | ||
| 260 | |c 2011 | ||
| 520 | |a Đề tài thực hiện thí nghiệm trong phòng nuôi cấy mô để xác định nồng độ chất điều hoà sinh trưởng thích hợp cho khả năng tái sinh chồi từ tử diệp dưa lê | ||
| 650 | |a Cây dưa lê,Cucumis melon | ||
| 904 | |i Tuyền, Hải | ||
| 980 | |a Trung tâm Học liệu Trường Đại học Cần Thơ | ||